Kadra reprezentacji Austrii na Mistrzostwa Świata 2026 - Statystyki

Ogólne statystyki
  • Ten quiz został rozwiązany 11 razy
  • Średni wynik to 8 z 26
Statystyki odpowiedzi
Pozycja Klub Zawodnik % Poprawnych
Obrońca Real Madryt David Alaba
100%
Pomocnik Bayern Konrad Laimer
90%
Pomocnik BVB Marcel Sabitzer
90%
Napastnik Crvena Zvezda Marko Arnautovic
80%
Obrońca Tottenham Kevin Danso
70%
Pomocnik RB Lipsk Christoph Baumgartner
60%
Bramkarz RB Salzburg Alexander Schlager
50%
Pomocnik RB Lipsk Xaver Schlager
50%
Napastnik Augsburg Michael Gregoritsch
40%
Pomocnik Wolfsburg Patrick Wimmer
40%
Obrońca Freiburg Philipp Lienhart
40%
Pomocnik Braga Florian Grillitsch
20%
Pomocnik RB Lipsk Nicolas Seiwald
20%
Bramkarz Bröndby Patrick Pentz
10%
Pomocnik PSV Paul Wanner
10%
Obrońca FSV Mainz Phillipp Mwene
10%
Pomocnik Werder Romano Schmid
10%
Napastnik LASK Sasa Kalajdzic
10%
Obrońca FSV Mainz Stefan Posch
10%
Pomocnik Wolfsberger Alessandro Schöpf
0%
Obrońca Hoffenheim Alexander Prass
0%
Pomocnik BVB Carney Chukwuemeka
0%
Obrońca Elche David Affengruber
0%
Bramkarz Viktoria Pilzno Florian Wiegele
0%
Obrońca Werder Marco Friedl
0%
Obrońca Venezia Michael Svoboda
0%
Nie znaleziono quizów pasujących do podanych kryteriów
Rozkład punktacji
Procent ludzi z każdym wynikiem
Percentyl według liczby udzielonych odpowiedzi
Twoja historia wyników
Nie rozwiązałeś tego quizu